000 00697nam a2200217Ia 4500
008 131103s9999 xx 000 0 und d
020 _a9.79E+12
_cRs.350.00
040 _aLoreto College
041 _aEnglish
082 _a371.9/MAN
_bLCBED/14644,14645,14646, 14643
100 _aMangal, S. K.
245 _aEducating exceptional children
_b An introduction to Special Education
_cS.K. Mangal
260 _aNew Delhi
_bPrentice-Hall of India
_c2007
300 _axv,584p
_b diagrams
_c 24 cm
504 _aIncludes bibliographical references and index
630 _aExceptional Children
650 _aSpecial Education
651 _aEducation
850 _aLCBED/371.9/MAN
942 _cBK
999 _c36487
_d86966